IFM Opac

Services: (Record no. 22200)

MARC details
000 -LEADER
fixed length control field 00354nam a22001337a 4500
020 ## - INTERNATIONAL STANDARD BOOK NUMBER
ISBN 978-0-19-568908-2
082 ## - DEWEY DECIMAL CLASSIFICATION NUMBER
Classification number 658.804
100 ## - MAIN ENTRY--AUTHOR NAME
Personal name Jauhari, Vinnie
245 ## - TITLE STATEMENT
Title Services:
Sub Title Marketing, Operations, and Management
260 ## - PUBLICATION, DISTRIBUTION, ETC. (IMPRINT)
Place of publication New Delhi,
Name of publisher Oxford University Press,
Year of publication 2009
300 ## - PHYSICAL DESCRIPTION
Number of Pages x, 584p.: ill.; 24cm
700 ## - ADDED ENTRY--PERSONAL NAME
Personal name Dutta, Kirti
942 ## - ADDED ENTRY ELEMENTS (KOHA)
Koha item type Books
Holdings
Withdrawn status Lost status Damaged status Not for loan Collection code Permanent Location Current Location Shelving location Date acquired Source of acquisition Full call number Accession Number Price effective from Koha item type
        Non-fiction IFM Main Campus Library IFM Main Campus Library Work Room processing 01/22/2026 Purchased 658.804 JAU 0000030958 01/22/2026 Books